Thesis Open Access
SEIFU HANA
<?xml version='1.0' encoding='UTF-8'?>
<record xmlns="http://www.loc.gov/MARC21/slim">
<leader>00000nam##2200000uu#4500</leader>
<datafield tag="041" ind1=" " ind2=" ">
<subfield code="a">eng</subfield>
</datafield>
<datafield tag="653" ind1=" " ind2=" ">
<subfield code="a">Work-life balance, Female Employee's Job Performance</subfield>
</datafield>
<datafield tag="502" ind1=" " ind2=" ">
<subfield code="c">Madda Walabu University</subfield>
</datafield>
<controlfield tag="005">20250723071612.0</controlfield>
<controlfield tag="001">12019</controlfield>
<datafield tag="700" ind1=" " ind2=" ">
<subfield code="u">MADDA WALABU UNIVERSITY</subfield>
<subfield code="4">ths</subfield>
<subfield code="a">MAMA MOHAMMEDHUSSEN (ASSISTANT PROF.)</subfield>
</datafield>
<datafield tag="856" ind1="4" ind2=" ">
<subfield code="s">718094</subfield>
<subfield code="z">md5:5addedaf80060f0309169493a4ab0ae1</subfield>
<subfield code="u">https://zenodo.org/record/12019/files/Hanna final Submitted Thesis.pdf</subfield>
</datafield>
<datafield tag="542" ind1=" " ind2=" ">
<subfield code="l">open</subfield>
</datafield>
<datafield tag="260" ind1=" " ind2=" ">
<subfield code="c">2020-11-08</subfield>
</datafield>
<datafield tag="909" ind1="C" ind2="O">
<subfield code="p">user-mwu123-un</subfield>
<subfield code="p">user-zenodo</subfield>
<subfield code="o">oai:zenodo.org:12019</subfield>
</datafield>
<datafield tag="100" ind1=" " ind2=" ">
<subfield code="u">MADDA WALABU UNIVERSITY</subfield>
<subfield code="a">SEIFU HANA</subfield>
</datafield>
<datafield tag="245" ind1=" " ind2=" ">
<subfield code="a">CTS OF WORK LIFE BALANCE ON FEMALE EMPLOYEE JOB PERFORMANCE INCASE OF THE EFFECTS OF WORK LIFE BALANCE ON FEMALE EMPLOYEES SELECTED COMMERCIAL BANK THE EFFECTS OF WORK LIFE BALANCE ON FEMALE EMPLOYEE JOB PERFORMANCE INCASE OF SELECTED COMMERCIAL BANK OF ETHIOPIA IN SHASHEMENE DISTRICT BRANCHES</subfield>
</datafield>
<datafield tag="980" ind1=" " ind2=" ">
<subfield code="a">user-mwu123-un</subfield>
</datafield>
<datafield tag="980" ind1=" " ind2=" ">
<subfield code="a">user-zenodo</subfield>
</datafield>
<datafield tag="540" ind1=" " ind2=" ">
<subfield code="u">http://www.opendefinition.org/licenses/cc-by</subfield>
<subfield code="a">Creative Commons Attribution</subfield>
</datafield>
<datafield tag="650" ind1="1" ind2="7">
<subfield code="a">cc-by</subfield>
<subfield code="2">opendefinition.org</subfield>
</datafield>
<datafield tag="520" ind1=" " ind2=" ">
<subfield code="a"><p>The main purpose of this study was to assess the effect of work life balance on female employees&rsquo; job performance in some selected Commercial Bank of Ethiopia in Shashemene district branches. Today with increasing demands at work place, the interface between work life and personal life assumed significance which demands more attention. The increased engagement of female employees in work, with the added responsibility of home has brought the issues of work life balance. With the help of literature reviews, the study identified three dimensions which include: personal time arrangement, home/social relation and support and organizational support that affect WLB and employees&rsquo; job performance. Descriptive and explanatory were employed as the design of the study. Close ended questionnaires were prepared to collect data with secondary data source of literatures. The data were collected through questionnaires from 87 female employees which were selected in census sampling from ten different commercial bank of Ethiopia that are found in Eastern Bale Zone. The data was analyzed using descriptive statistics, Pearson correlation and multiple regression model. The findings revealed that female employees personal and social life were affected by work load and this in turn affected their job performance. The data showed there was a moderate and significant relationship between organizational supports and female employees&rsquo; job performance. There was also low positive relationship between personal time arrangement and employees&rsquo; job performance. Some of the major challenges that imbalance female employees work life were work overload, inflexible working schedules, poor customization of the work life policies, unavailability of daycare center in the organization for children, competitive environment and lack of supervisory (managerial) supports. Based on the findings, the researcher recommended that managers of these commercial banks should prioritize creating different work life balance incentives that will improve employee performance. Female employees in the CBE should avoid taking their professional work to their home.2</p></subfield>
</datafield>
<datafield tag="773" ind1=" " ind2=" ">
<subfield code="n">doi</subfield>
<subfield code="i">isVersionOf</subfield>
<subfield code="a">10.20372/nadre:12018</subfield>
</datafield>
<datafield tag="024" ind1=" " ind2=" ">
<subfield code="a">10.20372/nadre:12019</subfield>
<subfield code="2">doi</subfield>
</datafield>
<datafield tag="980" ind1=" " ind2=" ">
<subfield code="a">publication</subfield>
<subfield code="b">thesis</subfield>
</datafield>
</record>
| All versions | This version | |
|---|---|---|
| Views | 0 | 0 |
| Downloads | 0 | 0 |
| Data volume | 0 Bytes | 0 Bytes |
| Unique views | 0 | 0 |
| Unique downloads | 0 | 0 |